000 00828nam a2200253 i 4500
001 110679
003 ES-MaACL
005 20230906185130.0
007 t|
008 070119s1985 sp ||||1| spa d
020 _a84-7046-403-5
080 _a1(=927)(091)(04)
100 1 _aRamón Guerrero, Rafael.
_995215
245 1 3 _aEl pensamiento filosófico árabe /
_cRafael Ramón Guerrero ; prólogo de Salvador Gómez Nogales.
260 _aMadrid :
_bCincel,
_c1985.
300 _a192 p. :
_bil. ;
_c19 cm.
490 1 _aHistoria de la filosofía ;
_v8
504 _aBibliografía: p. 189-192. Indice.
650 1 4 _aFilosofía árabe-
_xHistoria.
_912831
700 1 _aGómez Nogales, Salvador.
_958077
830 0 _aHistoria de la filosofía ;
_v8
_9181726
852 _aES-MaACL
_jL-15574
999 _c110679
_d110679